| 000 | 00642nam a22002177a 4500 | ||
|---|---|---|---|
| 003 | UA-OsUOA | ||
| 001 | 518 | ||
| 007 | ta | ||
| 008 | 20050606b un ||||| |||| 00| 0 ukr d | ||
| 090 |
_a657.1 _bЗ-35 |
||
| 942 | _cBK | ||
| 040 |
_aUA-OsUOA _bukr _cUA-OsUOA _dUA-OsUOA |
||
| 245 |
_aЗаробітна плата в закладах освіти _bУпорядн. О.В. Ситяшенко |
||
| 300 | _a160 с. | ||
| 955 | _a2 | ||
| 041 | _aukr | ||
| 080 | _a657.1 | ||
| 260 |
_aК. _bОсвіта _c2005 |
||
| 650 | 7 |
_a657 Бухгалтерія. Бухгалтерський облік. Рахівництво _2UDC |
|
| 999 |
_c286684 _d286684 |
||